| 000 | 01496nam0a2200325 4500 | ||
|---|---|---|---|
| 001 | RU\NLR\bibl\59897 | ||
| 005 | 20260405114404.0 | ||
| 010 |
_a5-85229-099-8 _9500 |
||
| 021 |
_aRU _b99-39703 _91960 |
||
| 035 | _a(NLR Aleph) 000058422 | ||
| 090 |
_a316964 _c316964 |
||
| 100 | _a19991122d1999 |||y0rusy50 ca | ||
| 101 | 0 | _arus | |
| 102 | _aRU | ||
| 105 | _ac ||||||||| | ||
| 200 | 1 |
_aБедный гений _eДок. повесть о провинц. худож. Чапкине из Южи _fСтанислав Смирнов |
|
| 210 |
_aИваново _cИваново _d1999 |
||
| 215 |
_a222, [2] c. _cил., портр. _d22 |
||
| 300 | _aВ конце кн. авт.: Смирнов С.Г. - врач, д.м.н., проф. | ||
| 300 | _aНа обл. авт. не указан | ||
| 600 | 1 |
_aЧапкин _bИ.Ф. _f1923 - 1999 _gИгнатий Федорович _92128660 _3RU\NLR\auth\661284525 |
|
| 600 | 1 |
_aЧапкин _bИ. Г. _f1923-1999 _gИгнатий Федорович _2psbo |
|
| 686 | _aЩ153(2Р)7-8-9Чапкин | ||
| 700 | 1 |
_4070 _8rus _7ca _aСмирнов _bС. Г. _cбиолог, социолог, писатель _f1929- _gСтанислав Григорьевич _3RU\NLR\auth\7744934 _927874 |
|
| 801 | 0 |
_aRU _bNLR _c19991122 _gPSBO |
|
| 801 | 1 |
_aRU _bNLR _c19991122 |
|
| 852 |
_aNLR _j99-5/3733 |
||
| 942 | _cBOOK | ||
| 980 | _aNB | ||